[Event "Let's Play Chess!"]
[Site "http://www.queenalice.com/game.php?id=714811"]
[Date "2010.1.17"]
[Round "-"]
[White "pegasusapril"]
[Black "miguelnalexandre"]
[Result "1-0"]
[WhiteElo "1582"]
[BlackElo "1426"]

1. e4 d5 2. exd5 Nf6 3. Nf3 c6 4. dxc6 Nxc6 5. Be2 a6 6. Nc3 g6 7. O-O Bg7 8.
Re1 O-O 9. h4 e5 10. g3 h6 11. d3 Nd5 12. Nxd5 Qxd5 13. c3 Bg4 14. a3 Na5 15. d4
e4 16. Nh2 Bf5 17. Nf1 Rae8 18. Ne3 Qe6 19. Nxf5 Qxf5 20. Bf4 Rd8 21. Bg4 Qb5
22. Rb1 f5 23. Be2 Qb6 24. b4 Nc6 25. Qb3+ Kh8 26. Rbd1 Ne7 27. a4 a5 28. b5 Nd5
29. Bd2 f4 30. Kg2 e3 31. Bc1 fxg3 32. f3 Qd6 33. Rh1 Bf6 34. Bc4 Nb6 35. Bxe3
Rc8 36. Be2 1-0

[Event "Let's Play Chess!"]
[Site "http://www.queenalice.com/game.php?id=714813"]
[Date "2010.1.17"]
[Round "-"]
[White "pegasusapril"]
[Black "miguelnalexandre"]
[Result "1-0"]
[WhiteElo "1592"]
[BlackElo "1416"]

1. e4 d5 2. exd5 Nf6 3. Nf3 e6 4. dxe6 Bxe6 5. Be2 a6 6. O-O g6 7. Re1 Bg7 8.
Nc3 O-O 9. h4 h6 10. g3 Nbd7 11. d3 Ng4 12. Bf4 c6 13. d4 b5 14. Nd2 f5 15. Kg2
Bd5+ 16. Nxd5 cxd5 17. c3 g5 18. Bxg4 gxh4 19. Bf3 Nb6 20. a3 Rb8 21. Bxb8 Qxb8
22. b4 hxg3 23. fxg3 Nd7 24. Bxd5+ Kh7 25. a4 Nb6 26. Bf3 bxa4 27. Nf1 f4 28. g4
h5 29. Nh2 Bf6 30. Qc2+ Kh6 31. Qf5 Bg5 32. Qa5 Qa7 33. Re6+ Rf6 34. Rxf6+ 1-0

[Event "Let's Play Chess!"]
[Site "http://www.queenalice.com/game.php?id=714815"]
[Date "2010.1.17"]
[Round "-"]
[White "pegasusapril"]
[Black "miguelnalexandre"]
[Result "1-0"]
[WhiteElo "1609"]
[BlackElo "1399"]

1. e4 d5 2. exd5 Nf6 3. Nf3 a6 4. Be2 g6 5. Nc3 Bg7 6. O-O e6 7. dxe6 Bxe6 8.
Re1 O-O 9. h4 h6 10. g3 Nbd7 11. d3 b6 12. d4 c5 13. dxc5 bxc5 14. Bf4 Ng4 15.
a3 Qb6 16. Na4 Qc6 17. c3 Rfd8 18. Nd2 Qb7 19. Bxg4 Bxg4 20. Qxg4 h5 21. Qd1 Nf6
22. b4 c4 23. Rb1 Rac8 24. Nc5 Qc6 25. Qc2 Nd5 26. Nxc4 Nxc3 27. Rbc1 Re8 28.
Rxe8+ Rxe8 29. Qd2 Ne2+ 30. Kh2 Nxc1 31. Qxc1 Re2 32. Be3 f5 33. Nd3 Qf3 34. Nf4
Ra2 35. Nd2 Qb7 36. Nxg6 Bb2 37. Qc4+ 1-0

[Event "Let's Play Chess!"]
[Site "http://www.queenalice.com/game.php?id=714817"]
[Date "2010.1.17"]
[Round "-"]
[White "pegasusapril"]
[Black "miguelnalexandre"]
[Result "1-0"]
[WhiteElo "1617"]
[BlackElo "1391"]

1. e4 d5 2. exd5 Nf6 3. Nf3 c6 4. dxc6 Nxc6 5. Be2 a6 6. Nc3 g6 7. O-O Bg7 8.
Re1 O-O 9. h4 h6 10. g3 e5 11. d3 Re8 12. Be3 Ng4 13. Bd2 Nd4 14. Nxd4 exd4 15.
Bxg4 f5 16. Rxe8+ Qxe8 17. Bf3 dxc3 18. bxc3 Rb8 19. d4 b5 20. Bf4 Rb6 21. Qd2
Re6 22. Kg2 Bf6 23. Bxh6 Kh7 24. Bf4 Qe7 25. Rd1 Rb6 26. Re1 Be6 27. Re3 a5 28.
d5 Qd7 29. Rd3 Bf7 30. d6 Bxa2 31. Be3 Rb8 32. Qc1 Bc4 33. Rd1 Bxc3 34. Bf4 b4
35. Qe3 Re8 36. Qc5 1-0

[Event "Let's Play Chess!"]
[Site "http://www.queenalice.com/game.php?id=714818"]
[Date "2010.1.17"]
[Round "-"]
[White "pegasusapril"]
[Black "PROFALEXANDRE"]
[Result "0-1"]
[WhiteElo "1563"]
[BlackElo "1688"]

1. e4 e5 2. Nf3 d6 3. Be2 h6 4. O-O Bg4 5. d3 Nc6 6. Re1 Nf6 7. h4 d5 8. exd5
Qxd5 9. Nc3 Qd6 10. g3 a6 11. Be3 Nd5 12. Nxd5 Qxd5 13. c3 Be7 14. d4 exd4 15.
Nxd4 Bxe2 16. Qxe2 Nxd4 17. cxd4 O-O 18. a3 Bf6 19. Rad1 Rae8 20. Qg4 Kh7 21. b4
h5 22. Qf4 c6 23. Qc7 Re7 24. Qb6 Rg8 25. a4 g5 26. Bxg5 Bxg5 27. Rxe7 Bxe7 28.
Qxb7 Bxh4 29. Qxa6 Bxg3 30. fxg3 Rxg3+ 31. Kf1 Qg2+ 32. Ke1 Re3+ 33. Qe2 Qxe2#
0-1

[Event "Let's Play Chess!"]
[Site "http://www.queenalice.com/game.php?id=714819"]
[Date "2010.1.17"]
[Round "-"]
[White "pegasusapril"]
[Black "miguelnalexandre"]
[Result "1-0"]
[WhiteElo "1578"]
[BlackElo "1442"]

1. e4 d5 2. exd5 Nf6 3. Nf3 e6 4. dxe6 Bxe6 5. Be2 a6 6. O-O g6 7. Re1 Bg7 8.
Nc3 Nc6 9. Bc4 O-O 10. Bxe6 fxe6 11. Rxe6 Qd7 12. Re1 Nd5 13. Nxd5 Qxd5 14. c3
Rae8 15. Rxe8 Rxe8 16. d4 Qh5 17. Qb3+ Kh8 18. Bd2 b5 19. Re1 Rxe1+ 20. Bxe1 g5
21. Qd5 Ne7 22. Qd8+ Ng8 23. Nxg5 Qe2 24. Nf3 Bf6 25. Qxc7 Qxb2 26. Qa5 Kg7 27.
Qxa6 Qe2 28. Bd2 h6 29. Qb7+ Ne7 30. g3 Kg6 31. Kg2 Nf5 32. Qb6 h5 33. Qa6 h4
34. g4 h3+ 35. Kg1 Qc4 36. Ne5+ 1-0

[Event "Let's Play Chess!"]
[Site "http://www.queenalice.com/game.php?id=714820"]
[Date "2010.1.16"]
[Round "-"]
[White "pegasusapril"]
[Black "Gambitshark"]
[Result "0-1"]
[WhiteElo "1530"]
[BlackElo "2814"]

1. e4 d6 2. Nf3 Nf6 3. d3 Nc6 4. c3 e5 5. Be2 Be7 6. O-O h6 7. Re1 Bg4 8. h4 Nd7
9. g3 Qc8 10. Nbd2 g5 11. hxg5 hxg5 12. Nf1 f6 13. Ne3 Be6 14. Nf5 Nf8 15. Nxe7
Nxe7 16. d4 Nfg6 17. d5 Bxd5 18. exd5 Qh3 19. Nxg5 Qh1# 0-1

[Event "Let's Play Chess!"]
[Site "http://www.queenalice.com/game.php?id=714822"]
[Date "2010.1.17"]
[Round "-"]
[White "pegasusapril"]
[Black "miguelnalexandre"]
[Result "1-0"]
[WhiteElo "1601"]
[BlackElo "1407"]

1. e4 d5 2. exd5 Nf6 3. Nf3 a6 4. Be2 g6 5. Nc3 Bg7 6. O-O e6 7. dxe6 Bxe6 8.
Re1 O-O 9. h4 h6 10. g3 b5 11. a3 Nbd7 12. d4 Bf5 13. b4 Nb6 14. Bf4 Nfd5 15.
Nxd5 Qxd5 16. c3 Rae8 17. Bxc7 Na4 18. Qc1 Be4 19. Bf4 Bxf3 20. Bxf3 Qxf3 21.
Rxe8 Rxe8 22. Ra2 Nxc3 23. Rc2 Ne2+ 24. Rxe2 Qxe2 25. Be3 h5 26. Kg2 Qc4 27. Qd2
Qb3 28. Qc1 Qd5+ 29. Kh2 Bxd4 30. Bxd4 Qxd4 31. Kg2 Qd7 32. Qb2 Qb7+ 33. f3 f5
34. Qb3+ Kh7 35. Kf2 1-0

[Event "Let's Play Chess!"]
[Site "http://www.queenalice.com/game.php?id=714824"]
[Date "2010.1.16"]
[Round "-"]
[White "pegasusapril"]
[Black "spawnwolfwolverine"]
[Result "1-0"]
[WhiteElo "1552"]
[BlackElo "1566"]

1. e4 e5 2. Nf3 d6 3. d3 b6 4. c3 Bb7 5. Be2 g6 6. O-O Bg7 7. Re1 Nf6 8. Nbd2
O-O 9. g3 Nbd7 10. Qc2 c5 11. Nc4 Qc7 12. Bd2 a6 13. h4 b5 14. Ne3 d5 15. exd5
Bxd5 16. a3 Bxf3 17. Bxf3 Rad8 18. c4 Qb6 19. b3 Bh6 20. cxb5 axb5 21. Nd5 Nxd5
22. Bxh6 N5f6 23. Be3 h5 24. Rad1 Ng4 25. Bxg4 hxg4 26. b4 Rc8 27. bxc5 Nxc5 28.
Qe2 Qe6 29. Rc1 Na4 30. Rxc8 Rxc8 31. Rc1 Rxc1+ 32. Bxc1 f5 33. Qc2 Kg7 34. Qc7+
Kg8 35. Qb8+ Kg7 36. Qxb5 Nc3 37. Qb7+ Qf7 38. Qxf7+ Kxf7 39. Bd2 Ne2+ 40. Kg2
Nd4 41. Be3 Nb5 42. a4 Nc7 43. f3 Ke7 44. fxg4 fxg4 45. d4 Ke6 46. dxe5 Kxe5 47.
Bf4+ Kd5 48. Bxc7 Kc6 49. Bf4 Kb6 50. Kf2 Ka5 51. Ke3 Kxa4 52. Bg5 Kb5 53. Kf4
Kc5 54. Kxg4 Kd5 55. Bf4 Ke6 56. Kg5 Kf7 57. h5 gxh5 58. Kxh5 Kf6 59. Kh6 Kf5
60. Kh5 Kf6 61. Bb8 Kg7 62. g4 Kh7 63. g5 Kg7 64. Be5+ Kh7 65. g6+ Kg8 66. Kh6
Kf8 67. Kh7 Ke7 68. g7 Ke6 69. Ba1 Kd6 70. g8=Q Kc6 71. Qd8 Kc5 72. Kg7 Kc4 73.
Kf6 Kc5 74. Ke6 Kc4 75. Bh8 Kb3 76. Qc8 Kb4 77. Kd5 Kb3 78. Kd4 Kb2 79. Kd3+ Kb1
80. Kd2 Ka2 81. Qb8 Ka3 82. Kc3 Ka4 83. Qb4# 1-0

[Event "Let's Play Chess!"]
[Site "http://www.queenalice.com/game.php?id=741100"]
[Date "2010.3.4"]
[Round "-"]
[White "pegasusapril"]
[Black "digger"]
[Result "0-1"]
[WhiteElo "1624"]
[BlackElo "1571"]

1. e4 e5 2. Nf3 Nc6 3. d3 d5 4. exd5 Qxd5 5. Be2 Bf5 6. O-O O-O-O 7. Re1 e4 8.
c3 exd3 9. Be3 dxe2 10. Qxe2 Be4 11. Nbd2 Nf6 12. a3 Bd3 13. Qd1 Ng4 14. g3 Nce5
15. Bf4 Bd6 16. Qa4 a6 17. Nxe5 Bb5 18. Qd1 Nf6 19. b4 Rhe8 20. h4 Bxe5 21. Rxe5
Rxe5 22. a4 Re6 23. axb5 Qxb5 24. Qc2 Re2 25. Re1 Rxe1+ 26. Kg2 Qd5+ 27. Nf3 Rd1
28. c4 Qd3 29. Qxd3 R8xd3 30. Ne5 Rb3 31. Nxf7 Rxb4 32. Ng5 Rbb1 33. Ne6 Rg1+
34. Kf3 Rb3+ 35. Ke2 Rb2+ 36. Kf3 Rf1 37. Be3 g6 38. Nd4 c5 39. Ne2 h5 40. Bxc5
Rb3+ 41. Be3 b5 42. cxb5 axb5 43. Nd4 Rb2 44. Nxb5 Rxb5 45. Kg2 Rbb1 46. Kf3 Ng4
47. Bd4 Rbd1 48. Bb6 Ne5+ 49. Ke2 Nc4 50. Bc5 Rh1 51. Kf3 Ne5+ 52. Kf4 Nd3+ 53.
Kf3 Nxc5 54. Kf4 Rhf1 55. Kg5 Rd6 56. g4 Ne4+ 57. Kf4 Nxf2 58. gxh5 gxh5 59. Kg5
Rd5+ 60. Kf4 Ng4+ 61. Kg3 Rd3+ 62. Kg2 Rf2+ 63. Kg1 Rd1# 0-1

[Event "Let's Play Chess!"]
[Site "http://www.queenalice.com/game.php?id=741101"]
[Date "2010.3.4"]
[Round "-"]
[White "pegasusapril"]
[Black "Lesser"]
[Result "0-1"]
[WhiteElo "1569"]
[BlackElo "1939"]

1. e4 e5 2. Nf3 Nc6 3. d3 Bc5 4. Be2 d6 5. O-O h6 6. Re1 Nf6 7. c3 O-O 8. Nbd2
Ng4 9. d4 exd4 10. Nxd4 Qh4 11. N2f3 Qh5 12. g3 Qh3 13. Bf1 Qh5 14. h4 g5 15.
hxg5 Nce5 16. Bg2 Bxd4 17. cxd4 Nxf3+ 18. Bxf3 Qh2+ 19. Kf1 Qxf2# 0-1

[Event "Let's Play Chess!"]
[Site "http://www.queenalice.com/game.php?id=741102"]
[Date "2010.3.4"]
[Round "-"]
[White "pegasusapril"]
[Black "Jeferson007"]
[Result "0-1"]
[WhiteElo "1566"]
[BlackElo "1662"]

1. e4 e5 2. Nf3 Nc6 3. d3 Nf6 4. Be2 Bc5 5. O-O O-O 6. Re1 d6 7. c3 Bb6 8. Nbd2
Ng4 9. d4 exd4 10. Nxd4 Nxd4 11. Bxg4 Qh4 12. g3 Qg5 13. cxd4 Bxg4 14. Nf3 Qh5
15. b4 Bxf3 16. Qd3 Bxd4 17. Qxd4 Qh3 18. Qd3 Qg2# 0-1

[Event "Let's Play Chess!"]
[Site "http://www.queenalice.com/game.php?id=741103"]
[Date "2010.3.4"]
[Round "-"]
[White "pegasusapril"]
[Black "ThiCappuccelli"]
[Result "1-0"]
[WhiteElo "1576"]
[BlackElo "1314"]

1. e4 e5 2. Nf3 Nc6 3. d3 d5 4. exd5 Qxd5 5. Be2 Nf6 6. O-O Bd6 7. Re1 O-O 8.
Nc3 Qc5 9. Be3 Nd4 10. Rc1 Ng4 11. Ne4 Qb6 12. Nxd4 exd4 13. Bd2 Bf5 14. Nxd6
Qxd6 15. Bxg4 Bxg4 16. Qxg4 g6 17. c3 dxc3 18. bxc3 f5 19. Qg5 Rad8 20. g3 b6
21. Bf4 Qxd3 22. h4 Qd6 23. Bxd6 Rxd6 24. Kg2 Rd7 25. Qf4 Rf6 26. Qe5 Kg7 27.
Qb5 c6 28. Qb2 c5 29. c4 h5 30. Re6 1-0

[Event "Let's Play Chess!"]
[Site "http://www.queenalice.com/game.php?id=741104"]
[Date "2010.3.5"]
[Round "-"]
[White "pegasusapril"]
[Black "Blackangel"]
[Result "0-1"]
[WhiteElo "1580"]
[BlackElo "1889"]

1. e4 d5 2. exd5 Qxd5 3. Nf3 Nc6 4. Be2 Nf6 5. O-O Bg4 6. Re1 e6 7. c3 Bd6 8. d3
O-O-O 9. Nbd2 Ne5 10. Nxe5 Qxe5 11. g3 Bf5 12. d4 Qd5 13. Bf3 Qa5 14. Nc4 Qb5
15. Nxd6+ Rxd6 16. b4 h5 17. h4 Re8 18. a4 Qc4 19. Bb2 Bg4 20. Bxg4 Nxg4 21. Qc2
g6 22. Rad1 e5 23. dxe5 Rxd1 24. Rxd1 Nxe5 25. Kg2 Re6 26. Re1 Qc6+ 27. Kh3 Ng4
28. Qd2 Qf3 29. Bc1 Nxf2+ 30. Kh2 Re3 31. Qxe3 Ng4+ 32. Kh3 Nxe3 33. Bxe3 b6 34.
Kh2 Kb7 35. Bg1 Qxc3 36. Re7 Qxb4 37. Rxf7 Qxa4 38. Rg7 Qc2+ 39. Kh3 a5 40. Bh2
a4 41. g4 hxg4+ 42. Kxg4 Qxh2 43. Re7 a3 44. Re1 Qg2+ 45. Kf4 Qf2+ 46. Kg5 Qxe1
47. Kxg6 Qxh4 48. Kf5 a2 49. Ke6 a1=Q 50. Kd5 Qad4+ 51. Ke6 Qhf6# 0-1

[Event "Let's Play Chess!"]
[Site "http://www.queenalice.com/game.php?id=741106"]
[Date "2010.3.4"]
[Round "-"]
[White "pegasusapril"]
[Black "ppeteleco"]
[Result "0-1"]
[WhiteElo "1554"]
[BlackElo "2023"]

1. e4 d5 2. exd5 Qxd5 3. Nf3 Bg4 4. Be2 Nc6 5. O-O e6 6. Re1 Bd6 7. c3 Qh5 8. g3
Nf6 9. d4 O-O 10. Nbd2 Rad8 11. Nc4 e5 12. Nxd6 cxd6 13. h4 exd4 14. cxd4 Rde8
15. Kg2 Rxe2 16. Rxe2 Bxf3+ 17. Kg1 Bxe2 18. Qd2 Qg4 19. Qc3 Qh3 20. Bd2 Ng4 21.
Re1 Qh2# 0-1

[Event "Let's Play Chess!"]
[Site "http://www.queenalice.com/game.php?id=741107"]
[Date "2010.3.4"]
[Round "-"]
[White "pegasusapril"]
[Black "marktwain"]
[Result "0-1"]
[WhiteElo "1585"]
[BlackElo "1966"]

1. e4 c5 2. Nf3 Nc6 3. d3 e6 4. Be2 d5 5. exd5 exd5 6. O-O Nf6 7. Re1 Bd6 8. c3
O-O 9. d4 Re8 10. Bf1 c4 11. Rxe8+ Qxe8 12. Nbd2 Bf5 13. a3 h6 14. b4 b5 15. g3
a5 16. Bb2 Ne4 17. a4 bxa4 18. Rxa4 axb4 19. Rxa8 Qxa8 20. Nxe4 Bxe4 21. cxb4
Nxb4 22. Bc3 Qa3 23. Qd2 Bxf3 24. h4 Na2 25. Bb2 Qb4 26. Qc2 Be4 27. Qe2 c3 28.
Bxc3 Nxc3 29. Qe3 Nb5 30. Bg2 Bxg2 31. Kxg2 Nxd4 32. Qe8+ Bf8 33. Qd8 Qb7 34.
Qe8 Ne6 35. Kg1 d4 36. Qa4 d3 37. Qc4 d2 38. Qd3 Qb4 39. Qc2 Qd4 40. Qd1 Bc5 41.
Kg2 Qxf2+ 42. Kh3 Qe1 43. Qxd2 Qxd2 44. Kg4 g6 45. h5 f5+ 46. Kf3 Qf2# 0-1

[Event "Let's Play Chess!"]
[Site "http://www.queenalice.com/game.php?id=741108"]
[Date "2010.3.4"]
[Round "-"]
[White "pegasusapril"]
[Black "marktwain"]
[Result "0-1"]
[WhiteElo "1527"]
[BlackElo "1907"]

1. e4 Nf6 2. e5 Nd5 3. Nf3 d6 4. exd6 exd6 5. Be2 c5 6. O-O g6 7. Re1 Nc6 8. c3
Bg7 9. d4 O-O 10. Bc4 Nf6 11. h4 Bg4 12. Be2 Re8 13. g3 h6 14. a3 Qd7 15. Nbd2
b5 16. b4 c4 17. a4 a6 18. Bb2 Nd5 19. axb5 axb5 20. Rxa8 Rxa8 21. Qc2 Re8 22.
Bf1 Rxe1 23. Nxe1 Nf6 24. Nef3 Ne7 25. Bg2 d5 26. Ne5 Bf5 27. Qc1 Qe8 28. Ndf3
Ng4 29. Qd2 f6 30. Bc1 fxe5 31. Nxe5 Nxe5 32. dxe5 Bxe5 33. Qxh6 Bg7 34. Qe3 Qd7
35. Bd2 d4 36. cxd4 Bxd4 37. Qe2 c3 38. Bxc3 Bxc3 39. Qa2+ Kg7 40. Qb3 Qd4 41.
Qa3 Bxb4 42. Qa6 Bd7 43. Bf1 Qd1 44. Qa7 Nc6 45. Qb6 Nd4 46. Kg2 Qf3+ 47. Kg1
Bc3 48. Qd6 Bc6 49. Qe5+ Qf6 50. Qxf6+ Kxf6 51. Bd3 b4 52. f4 b3 53. Kf2 b2 54.
Ke3 Ba4 55. Bb1 Bc2 56. Ba2 b1=Q 57. Bxb1 Bxb1 58. g4 Ne6 59. g5+ Kf5 60. Kf3
Nxf4 61. Kg3 Ng2 62. Kxg2 Kg4 0-1

[Event "Let's Play Chess!"]
[Site "http://www.queenalice.com/game.php?id=749552"]
[Date "2010.3.21"]
[Round "-"]
[White "pegasusapril"]
[Black "parisbestfriend"]
[Result "0-1"]
[WhiteElo "1583"]
[BlackElo "1256"]

1. e4 e5 2. Nf3 Qf6 3. d3 Nc6 4. Bg5 Qd6 5. Be2 Qb4+ 6. c3 Qxb2 7. Nbd2 Qxc3 8.
O-O h6 9. Be3 Nd4 10. Nxd4 exd4 11. Bf4 d6 12. Re1 Nf6 13. Nf3 g5 14. Nxg5 hxg5
15. Bxg5 Be7 16. Bd2 Qb2 17. g3 Rg8 18. Bf4 Bg4 19. h4 Bxe2 20. Qxe2 Qc3 21. Bd2
Qc5 22. Rac1 Qb6 23. Rb1 Qa6 24. Ra1 Nd7 25. a4 Bxh4 26. Kg2 Bf6 27. Ra2 Nc5 28.
Qf3 Be5 29. Ra3 O-O-O 30. Bf4 Rg7 31. Bxe5 dxe5 32. Rc1 Ne6 33. Raa1 Rh8 34. Rh1
Rgh7 35. Rxh7 Rxh7 36. Rh1 Nf8 37. Rxh7 Nxh7 38. Qf5+ Qe6 39. Qxh7 a6 40. Qg8+
Kd7 41. Qa8 Qb3 42. Qa7 Qxd3 43. Qxb7 Qe2 0-1

[Event "Let's Play Chess!"]
[Site "http://www.queenalice.com/game.php?id=749553"]
[Date "2010.3.21"]
[Round "-"]
[White "pegasusapril"]
[Black "microcephalec"]
[Result "0-1"]
[WhiteElo "1603"]
[BlackElo "1665"]

1. e4 e5 2. Nf3 Nc6 3. d3 Bc5 4. Be2 Nf6 5. O-O O-O 6. Re1 Ng4 7. c3 Nxf2 8. Qb3
Nxd3+ 9. Kf1 Nxe1 10. Nxe1 Qf6+ 11. Nf3 b6 12. Nd2 Bb7 13. a3 g5 14. Qd1 g4 15.
b4 gxf3 16. Nxf3 Kh8 17. bxc5 Rg8 18. cxb6 axb6 19. g3 Ne7 20. Kg1 Bxe4 21. Be3
Nd5 22. Bd2 Nf4 23. Be3 Nxe2+ 24. Qxe2 Bxf3 25. Qd2 Bc6 26. Bf2 Qf3 27. Kf1 Qg2+
28. Ke1 Qh1+ 29. Ke2 Qxa1 30. Ke3 Rxa3 31. Kd3 e4+ 32. Kd4 Rg4 33. Be3 Ra5 34.
Kc4 Qa4# 0-1

[Event "Let's Play Chess!"]
[Site "http://www.queenalice.com/game.php?id=749554"]
[Date "2010.3.21"]
[Round "-"]
[White "pegasusapril"]
[Black "microcephalec"]
[Result "0-1"]
[WhiteElo "1600"]
[BlackElo "1620"]

1. e4 c5 2. e5 Nc6 3. Nf3 f6 4. exf6 Nxf6 5. Be2 Qc7 6. O-O d6 7. Re1 e6 8. c3
Be7 9. d3 O-O 10. g3 Bd7 11. h4 Rac8 12. a3 d5 13. d4 cxd4 14. Nxd4 Nxd4 15.
Qxd4 Ne4 16. Be3 Nxg3 17. fxg3 Qxg3+ 18. Kh1 Qxe1+ 19. Kh2 Qxe2+ 20. Kg3 Rf3+
21. Kg4 e5+ 22. Kh5 Rf4# 0-1

[Event "Let's Play Chess!"]
[Site "http://www.queenalice.com/game.php?id=749556"]
[Date "2010.3.21"]
[Round "-"]
[White "pegasusapril"]
[Black "parisbestfriend"]
[Result "0-1"]
[WhiteElo "1554"]
[BlackElo "1285"]

1. e4 e5 2. Nf3 f6 3. d3 c6 4. Be2 Qa5+ 5. c3 d5 6. exd5 cxd5 7. O-O Nc6 8. Re1
d4 9. Nxd4 exd4 10. Bf3+ Be7 11. Bd2 Qb5 12. c4 Qxb2 13. Na3 Qxa3 14. Bf4 Bf5
15. Be4 Bxe4 16. Rxe4 Ne5 17. Bxe5 fxe5 18. Rxe5 Nh6 19. g3 O-O 20. Re1 Bb4 21.
Re2 Qc3 22. Kg2 Rae8 23. Rxe8 Rxe8 24. Rc1 Qb2 25. Rc2 Qa3 26. Qf3 b6 27. Qd5+
Nf7 28. Qxd4 Bc5 29. Qf4 Qxd3 30. Rd2 Qc3 31. h4 Rd8 32. Rxd8+ Nxd8 33. Qb8 Qd4
34. Qxa7 Qxf2+ 35. Kh3 Qf1+ 36. Kg4 Qxc4+ 37. Kh3 Qe6+ 38. Kh2 Nc6 39. Qa8+ Bf8
40. a4 Nd4 41. Kg2 Qa2+ 42. Kh3 b5 43. Qb8 bxa4 44. Qe5 Ne2 45. Qe8 a3 0-1

[Event "Let's Play Chess!"]
[Site "http://www.queenalice.com/game.php?id=749566"]
[Date "2010.3.21"]
[Round "-"]
[White "pegasusapril"]
[Black "MarTraM"]
[Result "1/2-1/2"]
[WhiteElo "1589"]
[BlackElo "1953"]

1. e4 e5 2. Nf3 Nc6 3. d3 Nf6 4. Be2 h6 5. O-O Bc5 6. Re1 O-O 7. c3 d6 8. Nbd2
Bg4 9. h4 Nh5 10. g3 f5 11. exf5 Rxf5 12. Ne4 Bb6 13. d4 exd4 14. Nxd4 Bxe2 15.
Rxe2 Nxd4 16. cxd4 Nf6 17. Bf4 Rd5 18. Qb3 c6 19. Nxd6 Rb8 20. Nc4 Bc7 21. Bxc7
Qxc7 22. Rd1 Rbd8 23. Red2 c5 24. Ne3 c4 25. Nxc4 Kh8 26. Ne3 R5d7 27. a3 Ne4
28. Rd3 Rf7 29. Rf1 Nxg3 30. fxg3 Qxg3+ 31. Ng2 Rxf1+ 32. Kxf1 Rf8+ 33. Kg1 Qf2+
34. Kh2 Rf4 35. Rh3 b6 36. Qc3 Rxd4 37. Qc8+ Kh7 38. Qc7 Rg4 39. Qc6 Qxb2 40. a4
Qe5+ 41. Kh1 Qa1+ 42. Kh2 Qe5+ 43. Kh1 Qa1+ 44. Kh2 Qe5+ 45. Kh1 1/2-1/2

[Event "Let's Play Chess!"]
[Site "http://www.queenalice.com/game.php?id=749567"]
[Date "2010.3.21"]
[Round "-"]
[White "pegasusapril"]
[Black "Michihall"]
[Result "0-1"]
[WhiteElo "1606"]
[BlackElo "1863"]

1. e4 e5 2. Nf3 Nc6 3. d3 Nf6 4. Be2 Bc5 5. O-O O-O 6. Re1 h6 7. c3 d6 8. h4 Bg4
9. g3 Bh3 10. a3 Ng4 11. d4 Bb6 12. Nbd2 f5 13. exf5 Rxf5 14. Nc4 exd4 15. Nxb6
axb6 16. cxd4 Qf6 17. Bf4 Re8 18. b4 Rd5 19. Qa4 b5 20. Bxb5 Rxe1+ 21. Rxe1 Nxd4
22. Nxd4 Qxd4 23. Qa8+ Kh7 24. Qxb7 Qxf2+ 25. Kh1 Qg2# 0-1